| 000 | 00638nam a2200241Ia 4500 | ||
|---|---|---|---|
| 003 | OSt | ||
| 005 | 20220925220955.0 | ||
| 006 | a|||||r|||| 00| 0 | ||
| 007 | ta | ||
| 008 | 220923b |||||||| |||| 00| 0 eng d | ||
| 020 | _a0333217519 | ||
| 037 | _cGeneral Book | ||
| 040 |
_aRTL _cRTL _beng |
||
| 041 |
_2eng _aeng |
||
| 082 | _aX9(F55):75.1-1.N7, L7 | ||
| 100 |
_aBlair John M _9285657 |
||
| 245 | 0 | _aContorl of oil | |
| 260 |
_aLondon _bMacmillan U K _c1997 |
||
| 300 |
_axxii,441p. _ccm. |
||
| 650 | _aFuel | ||
| 942 |
_hX9(F55):75.1-1.N7, L7 _cGB _2CC |
||
| 999 |
_c573011 _d573011 |
||